00956nam a22002177a 4500999001500000003000900015008004100024040007100065082001800136100002200154245007200176260004800248300002600296505017600322650003800498650004300536650003700579942001600616945000800632952009800640 c5853d5853AR-CdUCM190313b ||||| |||| 00| 0 spa d aMUNICIPALIDAD PROVINCIAL DEL CUSCOcBIBLIOTECA MUNICIPAL DEL CUSCO a498.50 /bC97 aCvitanovic, Dinko aLa idea del cuerpo en las letras españolas :bSiglo XIII a XVII / aBahía blanca :bCuadernos del sur,c1973. a211 paginas ;c23 cm. a contenido : Dinko Cvitavinovic : De la "disputa" medieval al "pleito" calderoniano -- Mario Merlino : Función y relaciones del cuerpo en la "disciplina "clericalis" ... aLingüística Argentina 917304 aLingüística latinoamericana917305 aLingüística americana917306 2ddccLIBROS arah 002ddc4070aSHbSHcCARTd2019-03-13g15.00o498.50 / C97pSH0000005599r2019-03-13yLIBROS